Competition law / (Record no. 133872)

MARC details
000 -LEADER
fixed length control field 00702nam a22002537a 4500
003 - CONTROL NUMBER IDENTIFIER
control field 0
005 - DATE AND TIME OF LATEST TRANSACTION
control field 20180723165059.0
008 - FIXED-LENGTH DATA ELEMENTS--GENERAL INFORMATION
fixed length control field 0
010 ## - LIBRARY OF CONGRESS CONTROL NUMBER
LC control number B-107964
020 ## - INTERNATIONAL STANDARD BOOK NUMBER
Terms of availability 350.00
International Standard Book Number 8174964339
035 ## - SYSTEM CONTROL NUMBER
System control number B-107964, B-107965
037 ## - SOURCE OF ACQUISITION
Source of stock number/acquisition Cen Lib/Ret
040 ## - CATALOGING SOURCE
Original cataloging agency DPL
Language of cataloging EN
Transcribing agency 0
082 ## - DEWEY DECIMAL CLASSIFICATION NUMBER
Classification number 343.0721
Item number MIT
100 ## - MAIN ENTRY--PERSONAL NAME
Personal name Mittal, D.P.
9 (RLIN) 39149
245 ## - TITLE STATEMENT
Title Competition law /
Statement of responsibility, etc by D.P. Mittal
260 ## - PUBLICATION, DISTRIBUTION, ETC. (IMPRINT)
Place of publication, distribution, etc New Delhi
Name of publisher, distributor, etc taxman allied services
Date of publication, distribution, etc 2003
270 ## - ADDRESS
City New Delhi
Address 59/32, Nwe Rohtak road
Postal code 110005
300 ## - PHYSICAL DESCRIPTION
Extent various pagings
Dimensions 23cm(pbk)
500 ## - GENERAL NOTE
General note Includes index
650 ## - SUBJECT ADDED ENTRY--TOPICAL TERM
Topical term or geographic name as entry element Law
9 (RLIN) 104
650 ## - SUBJECT ADDED ENTRY--TOPICAL TERM
Topical term or geographic name as entry element Restraint of trade
9 (RLIN) 39150
942 ## - ADDED ENTRY ELEMENTS (KOHA)
Source of classification or shelving scheme Dewey Decimal Classification
Koha item type English Books
Classification part 343.0721
Call number suffix MIT
Holdings
Withdrawn status Lost status Damaged status Not for loan Collection code Home library Current library Date acquired Source of acquisition Cost, normal purchase price Total Checkouts Full call number Barcode Date last seen Copy number Cost, replacement price Price effective from Koha item type Source of classification or shelving scheme Total Renewals Date checked out
      Not For Loan Reference Central Library Central Library 28/07/2015 Cen Lib/Ret 350.00   343.0721 MIT B-107964 28/07/2015 1 350.00 28/07/2015 English Books      
        Non-fiction Patel Nagar Patel Nagar 23/07/2018 BPPD/PUB 350.00 2 343.0721 MIT B-107965 22/06/2019   350.00 23/07/2018 English Books Dewey Decimal Classification 2 10/06/2019

© Delhi Public Library
Hit Counter
free hit counter